Ki legyen az aláíró? vita a minisztertanácsban a trianoni békediktátum aláíróinak személyéről /

The representative of the Hungarian peace delegation took over the final regulations of the peace conference that closed the I. World War, in the beginning of May 1920. The peace treaty dislocated Hungary and with the disannexed territories millions of Hungarians were forced to live in...

Teljes leírás

Elmentve itt :
Bibliográfiai részletek
Szerző: Vizi László Tamás
Testületi szerző: Régiók a Kárpát-medencén innen és túl, 3., 2010, Szeged
Dokumentumtípus: Cikk
Megjelent: 2010
Sorozat:Közép-európai közlemények 3 No. 4
Kulcsszavak:Történelemtudomány
Online Access:http://acta.bibl.u-szeged.hu/29835
LEADER 02380nab a2200205 i 4500
001 acta29835
005 20210505153026.0
008 161017s2010 hu o 0|| hun d
022 |a 1789-6339 
040 |a SZTE Egyetemi Kiadványok Repozitórium  |b hun 
041 |a hun 
100 1 |a Vizi László Tamás 
245 1 0 |a Ki legyen az aláíró?   |h [elektronikus dokumentum] :  |b vita a minisztertanácsban a trianoni békediktátum aláíróinak személyéről /  |c  Vizi László Tamás 
260 |c 2010 
300 |a 109-132 
490 0 |a Közép-európai közlemények  |v 3 No. 4 
520 3 |a The representative of the Hungarian peace delegation took over the final regulations of the peace conference that closed the I. World War, in the beginning of May 1920. The peace treaty dislocated Hungary and with the disannexed territories millions of Hungarians were forced to live in the neighbouring countries. The Hungarian government could react for this dramatic and significant event in two ways: on one hand accept and undersign, on the other side refuse its signatory. After a long debate, the government and the assembly –notwithstanding the public‟s dismissal –were under the necessity of the pressure of the victorious powers, and made up their mind of signature. This study leads on this decisionmaking progress, on the strength of the elaboration and analysis of the reports of the government meetings in May 1920. The first part of the study shows debates in the meetings of the cabinet council and the political circumstances of the decision. The second part, in turn, shows the dramatic progress of the decisionmaking, as a result of which they pointed the representatives, whose task was the signature on the 4th June 1920 in the Castle of Grand Trianon. As a part of this, the study examines the personal decisions, the possible signatories, the ones who previously undertook the task. The study furnishes an answer for the controversial question, that why Dr. Ágost Benárd, welfare and labour minister and Alfréd Drasche-Lázár, extraordinary delegate were chosen by the government for the signature. 
695 |a Történelemtudomány 
710 |a Régiók a Kárpát-medencén innen és túl, 3., 2010, Szeged 
856 4 0 |u http://acta.bibl.u-szeged.hu/29835/1/kek_011_109-132.pdf  |z Dokumentum-elérés